Vyhľadávanie zraniteľností pomocou fuzzing techník

Saved in:
Bibliographic Details
Main Author: Čabala, Jozef (Author)
Other Authors: Švec, Peter (Thesis advisor)
Format: Manuscript Book
Language:Slovak
Published: Bratislava : STU v Bratislave FEI, 2022
Subjects:
Online Access:https://opac.crzp.sk/?fn=detailBiblioFormChildO1AGD2&sid=378281AEB05FBF71783CC8A6EBFA&seo=CRZP-detail-kniha
Tags: Add Tag
No Tags, Be the first to tag this record!

MARC

LEADER 00000ntm a22000003a 4500
001 stuzp88763
003 SK-STU
005 20230322135103.0
007 ta
008 150427s2015----xo-----f-mn---000-0-slo-d
040 |a STU  |b slo 
041 0 |a slo 
044 |a xo 
100 1 |a Čabala, Jozef  |u 035000  |4 aut  |U FEI Fakulta elektrotechniky a informatiky  |T FEI Ústav informatiky a matematiky  |X 104436  |U E050  |Y 816  |7 104436 
242 0 1 |a Using fuzzing techniques to find vulnerabilities  |y eng 
245 1 0 |a Vyhľadávanie zraniteľností pomocou fuzzing techník 
260 |a Bratislava :  |b STU v Bratislave FEI,  |c 2022 
300 |a 55 s., príl. 
650 4 |a fuzzing  |2 slo 
650 4 |a fuzzer  |2 slo 
650 4 |a e9patch  |2 slo 
650 4 |a binárna inštrumentácia  |2 slo 
650 4 |a pokrytie kódu  |2 slo 
650 4 |a mutácia  |2 slo 
650 4 |a zraniteľnosť  |2 slo 
650 4 |a fuzzing  |2 eng 
650 4 |a fuzzer  |2 eng 
650 4 |a e9patch  |2 eng 
650 4 |a binary instrumentation  |2 eng 
650 4 |a code coverage  |2 eng 
650 4 |a mutation  |2 eng 
650 4 |a vulnerability  |2 eng 
700 1 |a Švec, Peter  |u 035000  |k Z3  |4 ths  |U FEI Fakulta elektrotechniky a informatiky  |T FEI Ústav informatiky a matematiky  |X 8381  |U E050  |Y 816  |7 8381 
856 4 |u https://opac.crzp.sk/?fn=detailBiblioFormChildO1AGD2&sid=378281AEB05FBF71783CC8A6EBFA&seo=CRZP-detail-kniha